Estadísticas para Oscar a Mejor Película - Nominadas de habla no inglesa

Haz click aquí para intentar la prueba.

Estadísticas generales

  • Esta prueba ha sido intentada 11 veces
    (8 desde el último reinicio)
  • La puntuación promedio es 4 de 15

Estadísticas de respuestas

AñoPaísPelícula% Correcto
2019Corea del SurParasite
100%
2018MéxicoRoma
86%
1998ItaliaLa vida es bella
71%
2012Austria - FranciaAmour
43%
2021JapónDrive My Car
29%
2000Taiwán - China - EEUUEl tigre y el dragón
29%
2020EEUU (en coreano)Minari
29%
2022AlemaniaSin novedad en el frente
29%
1969Argelia - FranciaZ
14%
2006EEUU (en japonés)Cartas desde Iwo Jima
0%
2011FranciaEl artista
0%
1995ItaliaEl cartero / Il Postino
0%
1973SueciaGritos y susurros
0%
1937FranciaLa gran ilusión
0%
1972SueciaLos emigrantes
0%

Distribución de puntuación

Porcentaje por número respondido

Porcentaje de gente con cada puntuación

Historial de tus puntuaciones

No has intentado esta prueba desde el último reinicio